| 000 | 00359nam a2200133Ia 4500 | ||
|---|---|---|---|
| 008 | 240624s9999 xx 000 0 und d | ||
| 041 | _aeng | ||
| 082 | _a303.49954 ABD | ||
| 100 | _aABDUL KALAM APJ | ||
| 245 | _aIGNITED MINDS UNLEASHING THE POWER WITHI | ||
| 260 |
_c2002 _aNew Delhi _bPenguin Books India |
||
| 300 | _aix, : 205 : p. : cm. ; 18 | ||
| 365 | _cRS | ||
| 999 |
_c3586 _d3586 |
||